Estadísticas para Consortes monarcas españoles

Haz click aquí para intentar la prueba.

Estadísticas generales

  • Esta prueba ha sido intentada 752 veces
    (691 desde el último reinicio)
  • La puntuación promedio es 10 de 21

Estadísticas de respuestas

Consorte% Correcto
Isabel
97%
María
92%
Sofía
87%
Felipe
74%
Ana
61%
María Cristina
56%
Letizia Ortiz
46%
Victoria Eugenia
45%
Maria de las Mercedes
44%
Francisco
43%
Margarita
38%
María Luisa
38%
Mariana
37%
Bárbara
31%
Luisa Isabel
31%
María Amalia
27%
Julia Clary
26%
María Isabel
26%
María Victoria dal Pozzo
25%
María Josefa
21%
María Luisa Gabriela
20%

Distribución de puntuación

Porcentaje por número respondido

Porcentaje de gente con cada puntuación

Historial de tus puntuaciones

No has intentado esta prueba desde el último reinicio